|
|
|
|
| LEADER |
03321nam a2200433 a 4500 |
| 001 |
EBC683243 |
| 003 |
MiAaPQ |
| 005 |
20200520144314.0 |
| 006 |
m o d | |
| 007 |
cr cn||||||||| |
| 008 |
100219s2010 cau sb 001 0 eng d |
| 010 |
|
|
|z 2010006263
|
| 020 |
|
|
|z 9780804761925 (cloth : alk. paper)
|
| 020 |
|
|
|z 9780804761932 (pbk. : alk. paper)
|
| 020 |
|
|
|a 9780804777278 (electronic bk.)
|
| 035 |
|
|
|a (MiAaPQ)EBC683243
|
| 035 |
|
|
|a (Au-PeEL)EBL683243
|
| 035 |
|
|
|a (CaPaEBR)ebr10459580
|
| 035 |
|
|
|a (OCoLC)713025877
|
| 040 |
|
|
|a MiAaPQ
|c MiAaPQ
|d MiAaPQ
|
| 050 |
|
4 |
|a HD6053
|b .I65 2010
|
| 082 |
0 |
4 |
|a 306.3/6082
|2 22
|
| 245 |
0 |
0 |
|a Intimate labors
|h [electronic resource] :
|b cultures, technologies, and the politics of care /
|c edited by Eileen Boris and Rhacel Salazar Parrenas.
|
| 260 |
|
|
|a Stanford, Calif. :
|b Stanford Social Sciences,
|c 2010.
|
| 300 |
|
|
|a xiv, 340 p.
|
| 504 |
|
|
|a Includes bibliographical references and index.
|
| 505 |
0 |
|
|a Technologies of caring labor : from objects to affect / Ariel Ducey -- The transmission of care : affective economies and Indian call centers / Kalindi Vora -- Foreign and domestic : adoption, immigration, and privatization / Laura Briggs -- Selling genes, selling gender : egg agencies, sperm banks, and the medical market in genetic material / Rene Almeling -- Gender labor : transmen, femmes, and collective work of transgression / Jane Ward -- Traveling cultures of servitude : loyalty and betrayal in New York and Kolkata / Seemin Qayum and Raka Ray -- My reward is not money : deep alliances and the end of life care among Mexicana workers and their wards / Maria de la Luz Ibarra -- Cultures of flirtation : sex and the moral boundaries of Filipina migrant hostesses in Tokyo / Rhacel Parrenas -- Bounded authenticity and the commerce of sex / Elizabeth Bernstein -- Economies of emotion, familiarity, fantasy, and desire : emotional labor in Ho Chi Minh City's sex industry / Kimberly Kay Hoang -- Making home care : law and social policy in the U.S. welfare state / Eileen Boris and Jennifer Klein -- Power, intimacy, and contestation : Dorothy Bolden and domestic worker organizing in Atlanta in the 1960s / Premilla Nadasen -- Manicuring intimacies : inequality and resistance in nail salon work / Millian Kang -- But who will care for the children? : organizing child care providers in the wake of welfare reform / Ellen Reese -- Sex and (evacuation from) the city : the moral and legal regulation of sex workers in Vancouver's West End, 1975-1985 / Becki Ross -- Caring everywhere / Viviana Zelizer -- More intimate unions / Dorothy Sue Cobble.
|
| 533 |
|
|
|a Electronic reproduction. Ann Arbor, MI : ProQuest, 2015. Available via World Wide Web. Access may be limited to ProQuest affiliated libraries.
|
| 650 |
|
0 |
|a Women
|x Employment
|x Social aspects.
|
| 650 |
|
0 |
|a Intimacy (Psychology)
|x Economic aspects.
|
| 650 |
|
0 |
|a Interpersonal relations and culture.
|
| 650 |
|
0 |
|a Women employees
|x Labor unions.
|
| 650 |
|
0 |
|a Sex-oriented businesses.
|
| 650 |
|
0 |
|a Work
|x Social aspects.
|
| 655 |
|
4 |
|a Electronic books.
|
| 700 |
1 |
|
|a Boris, Eileen,
|d 1948-
|
| 700 |
1 |
|
|a Parrenas, Rhacel Salazar.
|
| 710 |
2 |
|
|a ProQuest (Firm)
|
| 856 |
4 |
0 |
|u https://ebookcentral.proquest.com/lib/matrademy/detail.action?docID=683243
|z Click to View
|